Т. 4 : Состояние и перспективы развития конструкций сельскохозяйственных машин для растениеводства; Тракторы и сельскохозяйственные машины и орудия

Bibliographische Detailangaben
Parent link:Тракторы и сельскохозяйственные машины и орудия/ Академия наук СССР (АН СССР), Всесоюзный институт научной и технической информации (ВИНИТИ). Т. 4 : Состояние и перспективы развития конструкций сельскохозяйственных машин для растениеводства.— , 1970-.— 0202-7674
Weitere Verfasser: Панов И. М. (редактор)
Sprache:Russisch
Veröffentlicht: 1988
Schlagworte:
Format: MixedMaterials Buch
KOHA link:https://koha.lib.tpu.ru/cgi-bin/koha/opac-detail.pl?biblionumber=258431

MARC

LEADER 00000nam0a2200000 4500
001 258431
005 20231101233309.0
035 |a (RuTPU)RU\TPU\book\281290 
090 |a 258431 
100 |a 20140424d1988 k y0rusy50 ca 
101 0 |a rus 
102 |a RU 
105 |a a z 001zy 
200 0 |a Т. 4 : Состояние и перспективы развития конструкций сельскохозяйственных машин для растениеводства  |f под ред. И. М. Панова 
210 |d 1988 
215 |a 158 с.  |c ил. 
320 |a Библиогр.: с. 154-157. 
461 |x 0202-7674  |t Тракторы и сельскохозяйственные машины и орудия  |f Академия наук СССР (АН СССР), Всесоюзный институт научной и технической информации (ВИНИТИ)  |v Т. 4 : Состояние и перспективы развития конструкций сельскохозяйственных машин для растениеводства  |d 1970-   |s Тракторы и сельскохозяйственные машины и орудия 
606 1 |a Сельскохозяйственные машины и орудия  |x Конструирование  |2 stltpush  |3 (RuTPU)RU\TPU\subj\54515  |9 72668 
610 1 |a растениеводство 
610 1 |a почвообрабатывающие машины 
610 1 |a посевные машины 
610 1 |a комбайны 
610 1 |a погрузочные средства 
610 1 |a механические приводы 
610 1 |a узлы 
610 1 |a агрегаты 
610 1 |a механизмы 
610 1 |a технические характеристики 
675 |a 631.3  |v 3 
702 1 |a Панов  |b И. М.  |4 340 
801 1 |a RU  |b 63413507  |c 20140424 
801 2 |a RU  |b 63413507  |c 20141125  |g RCR 
942 |c BK